Podnikání pod Davidovou hvězdou /
Práce sleduje historii a ekonomické aktivity osmi židovských podnikatelských rodin z českých zemí v období devatenáctého a první poloviny minulého století.
Uloženo v:
| Hlavní autor: | |
|---|---|
| Médium: | E-kniha |
| Jazyk: | Czech |
| Vydáno: |
Praha :
Práh,
2024
|
| Vydání: | Vydání první |
| Témata: | |
| Tagy: |
Žádné tagy |
| LEADER | 02379nam a2200577 i 4500 | ||
|---|---|---|---|
| 001 | 312550 | ||
| 003 | CZ PrSKC | ||
| 005 | 20260601215724.0 | ||
| 007 | ta | ||
| 008 | 241025s2024 xr acehe 001 0ccze | ||
| 015 | |a cnb003639489 | ||
| 020 | |a 9788076960350 |q (vázáno) | ||
| 035 | |a (OCoLC)1477946210 | ||
| 040 | |a OLA001 |b cze |d ABA001 |e rda | ||
| 043 | |a e-xr--- | ||
| 045 | |a w-x- | ||
| 072 | 7 | |a 658 |x Řízení a správa podniku |2 Konspekt | |
| 072 | 7 | |a 929 |x Biografie |2 Konspekt | |
| 080 | |a 658.114-051 |2 MRF | ||
| 080 | |a (=411.16) |2 MRF | ||
| 080 | |a 658.114(091) |2 MRF | ||
| 080 | |a 929 |2 MRF | ||
| 080 | |a (437.3) |2 MRF | ||
| 080 | |a (0:82-96) |2 MRF | ||
| 080 | |a (092) |2 MRF | ||
| 100 | 1 | |a Kosatík, Pavel, |d 1962- |7 jn19990201035 |4 aut | |
| 245 | 1 | 0 | |a Podnikání pod Davidovou hvězdou / |c Pavel Kosatík |
| 250 | |a Vydání první | ||
| 264 | 1 | |a Praha : |b Práh, |c 2024 | |
| 300 | |a 551 stran : |b ilustrace, portréty, plány, faksimile ; |c 24 cm | ||
| 336 | |a text |b txt |2 rdacontent | ||
| 337 | |a bez média |b n |2 rdamedia | ||
| 338 | |a svazek |b nc |2 rdacarrier | ||
| 504 | |a Obsahuje bibliografii a rejstřík | ||
| 520 | 2 | |a Práce sleduje historii a ekonomické aktivity osmi židovských podnikatelských rodin z českých zemí v období devatenáctého a první poloviny minulého století. | |
| 648 | 7 | |a 19.-20. století |7 ch757015 |2 czenas | |
| 650 | 0 | 7 | |a podnikatelé |7 ph124163 |z Česko |y 19.-20. století |2 czenas |
| 650 | 0 | 7 | |a Židé |7 ph127782 |z Česko |y 19.-20. století |2 czenas |
| 650 | 0 | 7 | |a dějiny podnikání |7 ph506473 |z Česko |y 19.-20. století |2 czenas |
| 650 | 0 | 9 | |a businessmen |z Czechia |y 19th-20th centuries |2 eczenas |
| 650 | 0 | 9 | |a Jews |z Czechia |y 19th-20th centuries |2 eczenas |
| 650 | 0 | 9 | |a business history |z Czechia |y 19th-20th centuries |2 eczenas |
| 655 | 7 | |a literatura faktu |7 fd132773 |2 czenas | |
| 655 | 7 | |a biografie |7 fd131909 |2 czenas | |
| 655 | 9 | |a non-fiction |2 eczenas | |
| 655 | 9 | |a biography |2 eczenas | |
| 900 | |a ABA001 |b 19 | ||
| 044 | |a xr | ||
| 910 | |a RBIT002 | ||
| 998 | |d 415065 |a https://core.palmknihy.cz/api/books/415065/cover?slurg8 |b https://core.palmknihy.cz/api/books/415065/cover/400?slurg8 |c https://core.palmknihy.cz/api/books/415065/cover/50?slurg8 |e 2028-12-31 |g 552 |i 9788076960350 |j https://core.palmknihy.cz/api/books/415065/preview.epub |l |q 49 |r 1 |s https://www.palmknihy.cz/kniha/415065 |t ebook |y 2024 |z 0 | ||
| 999 | |d 312548 | ||